| 000 | 00661cam a2200181 i 4500 | ||
|---|---|---|---|
| 005 | 20260211104441.0 | ||
| 008 | 250721s2014 le gr 000 0 eng d | ||
| 020 | _a9789953207599 | ||
| 082 | 1 | 4 |
_a219 _bG L O |
| 110 | 2 |
_aThe Association Of Islamic Charitable Projects. _bIslamic Studies and Research Division |
|
| 245 | 1 | 4 |
_aThe Glorious life of Muhammad the Final Prophet / _cThe Association Of Islamic Charitable Projects Islamic Studies and Research Division. |
| 250 | _aFirst Edition. | ||
| 264 | 3 | 1 |
_abeirut : _bdar masharia, _c2014. |
| 300 | _a172 Pages. | ||
| 650 | 1 | 7 | _aBIOGRAPHY OF THE PROFET. |
| 942 |
_2ddc _cBK |
||
| 999 |
_c133646 _d133646 |
||